00716nam a2200193 a 450000100100000000500170001000800410002702000150006804000250008308200150010810000370012324501360016026000290029630000210032570000360034604900090038295201140039199900170050500002252420200930021645.0101012s2003 sp 000 0 spa d a8483187744 aDO-SdBNPbspacBNPHU axxxbA329a1 aAlberch Fugueras, Ramón94637114aLos archivos, entre la memoria histórica y la sociedad del conocimiento /cRamón Alberch Fugueras; prólogo de Michel Duchein. aBarcelona :bUOC,c2003. a221 p. ;c24 cm.1 aDuchein, Michelepról.946372 aBNPD 0010507-18MOaGRbGRcOId2010-10-12iLF1l0oxxx A329ap22524-10r2020-06-25w2020-06-25y1ZNo se presta c22022d22022